Southville International School and Colleges
Your cart is empty.
  • Cart
  • Lists
    Public lists Eva Luna New books Lux_list list_1
    Your lists Log in to create your own lists
  • Log in to your account
  • Your cookies
  • Search history
Southville International School and Colleges
  • Advanced search
  • Recent comments
  • Most popular
  • Libraries

Log in to your account

Log in with GOOGLE


If you do not have an external account, but do have a local account, you can still log in:

  1. Home
  2. MARC view: I love you, good night /
Normal view MARC view ISBD view

I love you, good night / (Record no. 105103)

[ view plain ]
MARC details
000 -LEADER
fixed length control field 00469nam a2200169 a 4500
005 - DATE AND TIME OF LATEST TRANSACTION
control field 20140412111340.0
008 - FIXED-LENGTH DATA ELEMENTS--GENERAL INFORMATION
fixed length control field 050419s19uu xx 00 eng d
020 ## - INTERNATIONAL STANDARD BOOK NUMBER
International Standard Book Number 0-671-70297-1
050 ## - LIBRARY OF CONGRESS CALL NUMBER
Classification number ER
Item number IL8 1988
100 ## - MAIN ENTRY--PERSONAL NAME
Personal name Buller, Jon
245 ## - TITLE STATEMENT
Title I love you, good night /
Statement of responsibility, etc by jon Buller and susan Schade.
260 ## - PUBLICATION, DISTRIBUTION, ETC. (IMPRINT)
Place of publication, distribution, etc New York :
Name of publisher, distributor, etc Little Simon,
Date of publication, distribution, etc 1988.
300 ## - PHYSICAL DESCRIPTION
Extent 1 v. (unp.) ; ill.
650 ## - SUBJECT ADDED ENTRY--TOPICAL TERM
Topical term or geographic name as entry element Love
General subdivision Fiction
650 ## - SUBJECT ADDED ENTRY--TOPICAL TERM
Topical term or geographic name as entry element Children stories
Holdings
Withdrawn status Lost status Damaged status Home library Current library Shelving location Date acquired Source of acquisition Cost, normal purchase price Total Checkouts Full call number Barcode Date last seen Price effective from Koha item type
      Elizalde Library Elizalde Library Easy Reading Section 04/19/2005   50.00   ER IL8 1988 E9417 04/12/2014 04/12/2014 Books

I love you, good night /

APA

Buller J., . (1988). I love you, good night. New York: Little Simon.

Chicago

Buller Jon, . 1988. I love you, good night. New York: Little Simon.

Harvard

Buller J., . (1988). I love you, good night. New York: Little Simon.

MLA

Buller Jon, . I love you, good night. New York: Little Simon. 1988.

  • Place hold
  • Print
  • Cite
  • Add to your cart (remove)
  • Save record
    BIBTEX Dublin Core MARCXML MARC (non-Unicode/MARC-8) MARC (Unicode/UTF-8) MARC (Unicode/UTF-8, Standard) MODS (XML) RIS
  • More searches
    Search for this title in:
    Other Libraries (WorldCat) Other Databases (Google Scholar) Online Stores (Bookfinder.com) Open Library (openlibrary.org)

Exporting to Dublin Core...

SOUTHVILLE LIBRARY

Southville International School and Colleges Library

1281 Tropical Ave. Cor. Luxembourg St., BF Homes International, Las Pinas City

Tel. No. 8256374 / 252358 Loc. 117/146

Powered by Koha